[Event "2nd Yerevan Open 2017"]
[Site "Yerevan ARM"]
[Date "2017.09.20"]
[Round "2.58"]
[White "Mkrtumyan, Robert"]
[Black "Davtyan, Arsen"]
[Result "0-1"]
[WhiteElo "1642"]
[BlackElo "1969"]
[WhiteFideId "13311336"]
[BlackFideId "13309315"]
[EventDate "2017.09.19"]

1. e4 c5 2. Nf3 e6 3. d4 cxd4 4. Nxd4 Nc6 5. Nc3 d6 6. Be3 Nf6 7. Qf3 Be7 8.
Nxc6 bxc6 9. e5 dxe5 10. Bb5 Bd7 11. Bxc6 Rc8 12. Bxd7+ Qxd7 13. O-O Nd5 14.
Rfd1 Rd8 15. Rd2 f5 16. Rad1 e4 17. Qh5+ g6 18. Qh3 O-O 19. Bh6 Rf7 20. Nxd5
exd5 21. Rxd5 Qxd5 22. Rxd5 Rxd5 23. Kf1 Bf8 24. Bxf8 Rxf8 25. Qb3 Rd8 26. g3
Rd7 27. h4 h6 28. g4 fxg4 29. Qe3 Kg7 30. Qxe4 h5 31. c4 Rf5 32. Qe3 Rdf7 33. b4
Kh7 34. Kg2 Rf4 35. c5 Rxb4 36. c6 Rb8 37. Qc5 Rc8 38. a4 Rfc7 39. a5 a6 40. Qe5
Rxc6 41. Qe7+ Kg8 42. Kg3 Rf8 43. Kg2 Rcf6 44. Kg1 R8f7 45. Qe8+ Kg7 46. Qc8 Kh7
47. Qc4 Kg7 48. Qc8 Rxf2 49. Qxa6 R2f6 50. Qb5 Kh7 51. Qd5 Ra7 52. Qc5 Rfa6 53.
Qf8 Rxa5 54. Qd8 Rb5 55. Qf6 Rf5 56. Qb6 Raf7 57. Qd4 g5 58. hxg5 Rxg5 59. Qd8
Rgf5 60. Kg2 Re5 0-1

[Event "2nd Yerevan Open 2017"]
[Site "Yerevan ARM"]
[Date "2017.09.20"]
[Round "2.59"]
[White "Rezanezhad, Hassan"]
[Black "Adamyan, Mane"]
[Result "1-0"]
[WhiteElo "1959"]
[BlackElo "1636"]
[WhiteFideId "12526045"]
[BlackFideId "13307525"]
[EventDate "2017.09.19"]

1. Nf3 Nf6 2. c4 c5 3. Nc3 Nc6 4. g3 b6 5. Bg2 Bb7 6. O-O e6 7. d4 Nxd4 8. Nxd4
Bxg2 9. Kxg2 cxd4 10. Qxd4 Bc5 11. Qd3 Qc7 12. e4 Qc6 13. f3 O-O 14. Bg5 Ne8 15.
Rad1 f6 16. Bc1 Rd8 17. a3 Be7 18. b3 f5 19. e5 d5 20. exd6 Bxd6 21. Nb5 Be7 22.
Qe2 e5 23. Rxd8 Bxd8 24. Qxe5 a6 25. Nd4 Qf6 26. Qxf6 Rxf6 27. Bg5 Rd6 28. Bxd8
Rxd8 29. Nxf5 Rd3 30. Rb1 Kf7 31. g4 Nc7 32. Kf2 Ne6 33. a4 g6 34. Ne3 Nd4 35.
Nd5 Rxf3+ 36. Kg2 Rd3 37. Rf1+ Kg7 38. b4 Nc2 39. Rc1 Rd2+ 40. Kf3 Rxh2 41. b5
axb5 42. axb5 Nd4+ 43. Ke3 Ne6 44. Nxb6 Rb2 45. Ke4 Nc7 46. g5 h6 47. Nd5 Ne6
48. gxh6+ Kxh6 49. Ke5 Nc5 50. Kd6 Nb3 51. Rh1+ Kg7 52. b6 Na5 53. Rc1 Nb7+ 54.
Kc6 Na5+ 55. Kc7 Nb3 56. b7 Nxc1 57. Nb6 1-0

[Event "2nd Yerevan Open 2017"]
[Site "Yerevan ARM"]
[Date "2017.09.20"]
[Round "2.60"]
[White "Mashalov, Aliniyaz"]
[Black "Khachatryan, Hayk"]
[Result "1-0"]
[WhiteElo "1636"]
[BlackElo "1957"]
[WhiteFideId "14004003"]
[BlackFideId "13304950"]
[EventDate "2017.09.19"]

1. d4 g6 2. e4 Bg7 3. Nc3 d6 4. Be3 Nc6 5. Qd2 e5 6. d5 Nce7 7. O-O-O f5 8. f4
exf4 9. Bxf4 fxe4 10. Nxe4 Nf6 11. Nxf6+ Bxf6 12. Bh6 Nf5 13. Nf3 Nxh6 14. Re1+
Kf7 15. Qxh6 Bg4 16. h4 Bxf3 17. gxf3 Bg7 18. Qf4+ Qf6 19. Qxf6+ Bxf6 20. Bh3
Kg7 21. Be6 Be5 22. Re4 Rae8 23. f4 Bf6 24. h5 Rhf8 25. c4 g5 26. h6+ Kh8 27. f5
Be5 28. Rg1 Bf4+ 29. Kc2 Rf6 30. Rh1 a5 31. Kb3 Bg3 32. Ka4 Bh4 33. Rexh4 gxh4
34. Rxh4 Ra8 35. Kb5 a4 36. c5 dxc5 37. Kxc5 a3 38. b4 Rd8 39. Kd4 Rff8 40. Ke5
Rg8 41. Bxg8 Rxg8 42. f6 Re8+ 43. Kf5 Kg8 44. Rg4+ Kf8 45. Rg7 Re2 46. Rxh7 Rxa2
47. Rxc7 Rf2+ 48. Ke6 Re2+ 49. Kd6 a2 50. Rc8+ Kf7 51. Ra8 Kxf6 52. Kc7 Rh2 53.
d6 Ke6 54. Re8+ Kd5 55. d7 a1=Q 56. d8=Q+ Kc4 57. Re4+ Kb3 58. Qd5+ Kc2 59. Rc4+
Kb1 60. Qd3+ Ka2 61. Rc3 Qb2 62. Qd4 Ka1 63. Qd1+ Ka2 64. Qa4+ 1-0

[Event "2nd Yerevan Open 2017"]
[Site "Yerevan ARM"]
[Date "2017.09.20"]
[Round "2.61"]
[White "Marzoughi, Mohammadsadegh"]
[Black "Nanyan, Georgy"]
[Result "1-0"]
[WhiteElo "1954"]
[BlackElo "1610"]
[WhiteFideId "12502430"]
[BlackFideId "13310100"]
[EventDate "2017.09.19"]

1. d4 Nf6 2. Bf4 e6 3. Nf3 b6 4. e3 Bb7 5. Nbd2 Be7 6. h3 c5 7. c3 O-O 8. Bd3 h6
9. O-O d6 10. Qe2 Nbd7 11. Bh2 Rc8 12. a4 a5 13. Rfd1 Nb8 14. e4 cxd4 15. Nxd4
Nbd7 16. Nb5 Nc5 17. Bc2 e5 18. f3 Ba6 19. Nc4 Bxb5 20. axb5 Qc7 21. Ne3 Ne6 22.
Bb3 Qc5 23. Kh1 Rfd8 24. Nf5 Bf8 25. Bg1 Qc7 26. Be3 Kh7 27. Qf2 Nc5 28. Bd5
Nxd5 29. Rxd5 a4 30. Rad1 Ra8 31. Ra1 Qd7 32. Bxc5 bxc5 33. c4 Qc7 34. Qd2 g6
35. Ne3 h5 36. Nd1 Bh6 37. Qe1 f5 38. Nc3 Qe7 39. Rd3 Qg5 40. Nd5 fxe4 41. h4
Qf5 42. fxe4 Qe6 43. Rf3 Rf8 44. Raa3 Qg4 45. Nf6+ Rxf6 46. Rxf6 Bd2 47. Rf7+
Kg8 48. Qxd2 Kxf7 49. Qd5+ Kg7 50. Qxa8 Qxh4+ 51. Rh3 Qf2 52. Rf3 Qe1+ 53. Kh2
Qh4+ 54. Kg1 Qe1+ 55. Rf1 Qe3+ 56. Kh1 1-0

[Event "2nd Yerevan Open 2017"]
[Site "Yerevan ARM"]
[Date "2017.09.20"]
[Round "2.62"]
[White "Khachatryan, Veronika"]
[Black "Hakobyan, Romik"]
[Result "0-1"]
[WhiteElo "1595"]
[BlackElo "1927"]
[WhiteFideId "13310852"]
[BlackFideId "13306782"]
[EventDate "2017.09.19"]

1. Nf3 d5 2. g3 c6 3. Bg2 Bg4 4. O-O Nd7 5. d4 e6 6. b3 Ngf6 7. Bb2 Qc7 8. c4
Be7 9. Nc3 O-O 10. Rc1 Qa5 11. Nd2 Ba3 12. Bxa3 Qxa3 13. Qc2 Bf5 14. e4 dxe4 15.
Ndxe4 Qe7 16. Rfe1 Rfd8 17. Rcd1 h6 18. Qe2 Nxe4 19. Bxe4 Bxe4 20. Qxe4 Nf6 21.
Qe5 Qd6 22. d5 cxd5 23. cxd5 Nxd5 24. Nxd5 exd5 25. Qd4 Rd7 26. Rd2 b6 27. Red1
Rad8 28. Qa4 Qc5 29. Rd4 a5 30. a3 Rd6 31. b4 axb4 32. axb4 Qc7 33. Rxd5 Rxd5
34. Rxd5 Rc8 35. Rd7 Qc4 36. Qa7 Re8 37. Re7 Rd8 38. Re1 Qxb4 39. Rc1 Qb3 40.
Qa1 Qf3 41. Qa4 Rd2 42. Rf1 Qd5 43. Qa1 Qd4 44. Qb1 Rb2 45. Qc1 Kh7 46. Qc8 Qf6
47. Qb7 g6 48. Qe4 Kg7 49. Qe3 Ra2 50. Kg2 Qc6+ 51. Qf3 Rc2 52. Rb1 Rxf2+ 53.
Kxf2 Qc2+ 0-1

[Event "2nd Yerevan Open 2017"]
[Site "Yerevan ARM"]
[Date "2017.09.20"]
[Round "2.63"]
[White "Khachatryan, David S."]
[Black "Margaryan, Yuri"]
[Result "1-0"]
[WhiteElo "1916"]
[BlackElo "1501"]
[WhiteFideId "13307487"]
[BlackFideId "13312774"]
[EventDate "2017.09.19"]

1. d4 Nf6 2. c4 g6 3. Nc3 Bg7 4. Nf3 O-O 5. g3 c6 6. Bg2 d5 7. cxd5 cxd5 8. Ne5
Nc6 9. O-O e6 10. Nxc6 bxc6 11. Bg5 h6 12. Bf4 Nh5 13. Be3 Rb8 14. Qd2 Kh7 15.
Na4 Nf6 16. Rfc1 Bb7 17. Nc5 Ba8 18. h3 Nd7 19. Bf4 Rc8 20. Bd6 Re8 21. Qf4 Nxc5
22. Bxc5 Qc7 23. Qxc7 Rxc7 24. e3 Bf8 25. b3 Kg7 26. Bxf8+ Kxf8 27. Rc5 Ke7 28.
Rac1 Kd6 29. Ra5 Rb8 30. Rcc5 f6 31. f4 f5 32. Bf1 Rb6 33. Ra4 h5 34. Rca5 Rbb7
35. Ra6 Kd7 36. b4 Ke7 37. a3 Kd7 38. R4a5 Ke7 39. Bd3 Kf7 40. h4 Ke7 41. Bc2
Kd8 42. Ba4 Kd7 43. Kh1 Rb8 44. Rxa7 Rxa7 45. Rxa7+ Bb7 46. Ra5 Ra8 47. Rxa8
Bxa8 48. Kg2 Kc7 49. Kf2 Kb6 50. Ke2 Bb7 51. Kd3 Ba6+ 52. Kc3 Bf1 53. Bc2 Ba6
54. Bd3 Bb7 55. a4 Bc8 56. a5+ Kc7 57. b5 Kb7 58. b6 e5 59. Kb4 e4 60. Be2 Bd7
61. Kc5 Bc8 62. a6+ Kb8 63. Bd1 Bd7 64. Ba4 Bc8 65. a7+ Ka8 66. Bxc6+ Bb7 67.
Bxb7+ 1-0

[Event "2nd Yerevan Open 2017"]
[Site "Yerevan ARM"]
[Date "2017.09.20"]
[Round "2.64"]
[White "Yedigaryan, Asya"]
[Black "Nalbandyan, Vahan"]
[Result "0-1"]
[WhiteElo "1499"]
[BlackElo "1910"]
[WhiteFideId "13312170"]
[BlackFideId "13309439"]
[EventDate "2017.09.19"]

1. d4 Nf6 2. Nf3 e6 3. g3 b6 4. Bg2 Bb7 5. O-O c5 6. e3 cxd4 7. exd4 d6 8. c4
Qc8 9. b3 Be7 10. Bb2 O-O 11. Nc3 Nbd7 12. Re1 d5 13. cxd5 Nxd5 14. Rc1 Qb8 15.
Nxd5 Bxd5 16. Qd3 Qb7 17. a3 Rac8 18. b4 b5 19. Rc3 Nb6 20. Rec1 Nc4 21. Ba1
Rfd8 22. Ne1 Bxg2 23. Nxg2 e5 24. R3c2 exd4 25. Nf4 Ne5 26. Qf5 Nf3+ 27. Kf1
Nxh2+ 28. Kg1 Nf3+ 29. Kf1 Rxc2 30. Rxc2 g6 31. Qh3 Bf6 32. Rc1 Nd2+ 33. Kg1 Qf3
34. Kh2 Qxf2+ 35. Qg2 Qe3 36. Bb2 Re8 37. Qc6 Qf2+ 38. Kh3 Re3 39. Qc8+ Kg7 40.
Qg4 Ne4 41. Nh5+ Kh6 42. Qf4+ Ng5+ 0-1

[Event "2nd Yerevan Open 2017"]
[Site "Yerevan ARM"]
[Date "2017.09.20"]
[Round "2.65"]
[White "Khachikyan, Haik"]
[Black "Avagyan, Gor V."]
[Result "1-0"]
[WhiteElo "1896"]
[BlackElo "1477"]
[WhiteFideId "13304305"]
[BlackFideId "13311573"]
[EventDate "2017.09.19"]

1. e4 b6 2. d4 Bb7 3. Bd3 e6 4. Nf3 c5 5. Nc3 cxd4 6. Nxd4 Nc6 7. Nxc6 dxc6 8.
Bf4 Bd6 9. e5 Bf8 10. Qf3 Qc7 11. O-O-O O-O-O 12. Be4 Rxd1+ 13. Rxd1 Ne7 14. Nb5
cxb5 15. Bxb7+ Kb8 16. Ba8 h6 17. Rd3 g5 18. Bd2 Rg8 19. Bb4 Nf5 20. Rd8+ 1-0

[Event "2nd Yerevan Open 2017"]
[Site "Yerevan ARM"]
[Date "2017.09.20"]
[Round "2.66"]
[White "Piliposyan, Gor"]
[Black "Machkalyan, Haik"]
[Result "1-0"]
[WhiteElo "1464"]
[BlackElo "1890"]
[WhiteFideId "13310941"]
[BlackFideId "13306260"]
[EventDate "2017.09.19"]

1. e4 e6 2. d4 d5 3. exd5 exd5 4. Bd3 Bd6 5. h3 Ne7 6. Qf3 Nbc6 7. c3 Be6 8. Ne2
Qd7 9. O-O f6 10. Nf4 Bf7 11. Nh5 Bxh5 12. Qxh5+ g6 13. Qf3 O-O-O 14. b4 Rde8
15. Na3 g5 16. b5 Na5 17. Re1 Kb8 18. Nc2 h5 19. Qxf6 g4 20. h4 g3 21. f3 Nc8
22. Bg5 Be7 23. Qf5 Qxf5 24. Bxf5 Bxg5 25. hxg5 Reg8 26. Bxc8 Kxc8 27. f4 h4 28.
Ne3 h3 29. gxh3 Rxh3 30. Kg2 Rh7 31. Kxg3 Rgh8 32. f5 Rh3+ 33. Kf4 R8h4+ 34. Ng4
Rh2 35. Rg1 Kd7 36. Kf3 Rc2 37. Rac1 Rh3+ 38. Kf4 Re2 39. Nf6+ Kd6 40. Rce1 1-0

[Event "2nd Yerevan Open 2017"]
[Site "Yerevan ARM"]
[Date "2017.09.20"]
[Round "2.67"]
[White "Khachatrian, Arbi"]
[Black "Mitoyan, Zhores"]
[Result "1-0"]
[WhiteElo "1889"]
[BlackElo "1440"]
[WhiteFideId "12547298"]
[BlackFideId "13315021"]
[EventDate "2017.09.19"]

1. d4 Nf6 2. c4 e6 3. Nc3 Bb4 4. Qc2 O-O 5. Bd2 d5 6. e3 c6 7. cxd5 cxd5 8. Bd3
Nc6 9. f4 Bd7 10. Nf3 Be7 11. a3 g6 12. O-O a6 13. Ne5 Ne8 14. g4 f5 15. gxf5
gxf5 16. Na4 Nxe5 17. fxe5 b5 18. Nc5 Bxc5 19. Qxc5 Rc8 20. Qa7 Ra8 21. Qc5 Qg5+
22. Kh1 Ng7 23. Rg1 Qh5 24. Rg3 Be8 25. Bb4 Bg6 26. Qc1 Rfc8 27. Qf1 Qh4 28. a4
a5 29. Be1 Qe7 30. Bxb5 Nh5 31. Rg2 Kh8 32. Bd3 Rg8 33. Qf3 Bf7 34. Rxg8+ Kxg8
35. Qh3 Bg6 36. Bc3 Kh8 37. Rg1 Qf7 38. Qh4 Qg7 39. Rg5 Qf7 40. Be2 Ng7 41. Kg1
Kg8 42. Kf2 Kh8 43. Kg3 Kg8 44. Kf4 Qd7 45. Qh6 Qf7 46. h4 Qe7 47. h5 Be8 48.
Qf6 1-0

[Event "2nd Yerevan Open 2017"]
[Site "Yerevan ARM"]
[Date "2017.09.20"]
[Round "2.68"]
[White "Alikhanyan, Artak"]
[Black "Manukyan, Levon"]
[Result "0-1"]
[WhiteElo "1421"]
[BlackElo "1871"]
[WhiteFideId "13315013"]
[BlackFideId "13311913"]
[EventDate "2017.09.19"]

1. d4 Nf6 2. Nf3 g6 3. g3 Bg7 4. Bg2 O-O 5. O-O d6 6. b3 c6 7. Bb2 Qa5 8. c4 Qh5
9. Nbd2 Bh3 10. e3 Bg4 11. Qc2 Nbd7 12. Rac1 Rac8 13. Rfe1 h6 14. Bc3 Bh3 15. e4
Ng4 16. Nf1 b6 17. Nh4 Bxg2 18. Kxg2 e5 19. h3 Ngf6 20. d5 cxd5 21. cxd5 Nh7 22.
Nf3 f5 23. N1h2 Ng5 24. Nxg5 Qxg5 25. Nf3 Qe7 26. Qe2 Nc5 27. exf5 gxf5 28. Bb4
Qf7 29. Bxc5 bxc5 30. Qc4 e4 31. Nd2 Be5 32. Nf1 Kh8 33. Re3 Bd4 34. Ree1 Rg8
35. Rc2 Rcf8 36. b4 Qg6 37. bxc5 dxc5 38. Qe2 Qf7 39. Qc4 f4 40. Qb3 Qg6 41. Rd2
e3 42. fxe3 Qe4+ 43. Kh2 fxg3+ 44. Nxg3 Rxg3 45. d6 Rxh3+ 46. Kxh3 Rf3+ 47. Kh2
Qh4+ 48. Kg1 0-1

[Event "2nd Yerevan Open 2017"]
[Site "Yerevan ARM"]
[Date "2017.09.20"]
[Round "2.69"]
[White "Tavakalyan, Azat"]
[Black "Hovyan, Nikolay"]
[Result "1-0"]
[WhiteElo "1867"]
[BlackElo "1414"]
[WhiteFideId "13302523"]
[BlackFideId "13311310"]
[EventDate "2017.09.19"]

1. f4 Nf6 2. Nf3 g6 3. b3 Bg7 4. Bb2 O-O 5. e3 d5 6. Be2 c5 7. O-O a6 8. Qe1 Nc6
9. a4 Bf5 10. Na3 Rc8 11. h3 h5 12. Nh4 e6 13. d3 Qb6 14. Bf3 c4 15. dxc4 dxc4
16. Nxc4 Qa7 17. Kh1 Bxc2 18. Qc3 Rfd8 19. Bxc6 Bd3 20. Bf3 Bxf1 21. Rxf1 b5 22.
axb5 axb5 23. Qa5 Qxa5 24. Nxa5 Nd5 25. Bxg7 Kxg7 26. Bxd5 Rxd5 27. Nf3 Rd3 28.
Re1 b4 29. Nd4 Rcc3 30. Nc4 g5 31. fxg5 e5 32. Nxe5 Rd2 33. Nc4 Ra2 34. h4 f6
35. gxf6+ Kxf6 36. Kh2 Ra8 37. Rf1+ Kg6 38. Ne5+ Kg7 39. Nc4 Rc8 40. Nd6 Rb8 41.
Nc4 Rc8 42. Rf5 R8xc4 43. bxc4 Rxe3 44. Rxh5 Re4 45. Rd5 b3 46. Nxb3 Rxh4+ 47.
Kg3 Rxc4 48. Nd4 Kg6 49. Kf4 1-0

[Event "2nd Yerevan Open 2017"]
[Site "Yerevan ARM"]
[Date "2017.09.20"]
[Round "2.70"]
[White "Mkrtumyan, Ashot"]
[Black "Grigoryan, Arpine"]
[Result "0-1"]
[WhiteElo "1389"]
[BlackElo "1865"]
[WhiteFideId "13315323"]
[BlackFideId "13307231"]
[EventDate "2017.09.19"]

1. e4 e6 2. c4 c5 3. Nc3 Nc6 4. Nf3 Nf6 5. d4 cxd4 6. Nxd4 Bb4 7. Nxc6 bxc6 8.
Bd3 O-O 9. O-O Bxc3 10. bxc3 e5 11. Bg5 h6 12. Be3 d5 13. cxd5 cxd5 14. exd5
Nxd5 15. Bc5 Re8 16. Bb5 Bb7 17. Bxe8 Qxe8 18. Qb3 Qc6 19. Rab1 Nb6 20. f3 Qxc5+
21. Kh1 Rc8 22. Rfe1 Bd5 23. Qd1 Re8 24. Qd3 Bxa2 25. Ra1 Bc4 26. Qe3 Qc7 27.
Ra5 f6 28. Rea1 a6 29. Qe4 Bb5 30. R5a3 Rd8 31. h3 Rd2 32. Rc1 Re2 33. Qg4 Nc4
34. Raa1 Ne3 35. Qe6+ Qf7 36. Qc8+ Kh7 37. Rg1 Qg6 38. g4 Qc2 0-1

[Event "2nd Yerevan Open 2017"]
[Site "Yerevan ARM"]
[Date "2017.09.20"]
[Round "2.71"]
[White "Boyajyan, Hayk"]
[Black "Qaloyan, Ishkhan"]
[Result "1-0"]
[WhiteElo "1848"]
[BlackElo "1317"]
[WhiteFideId "13307037"]
[BlackFideId "13311867"]
[EventDate "2017.09.19"]

1. e4 c5 2. Nf3 e6 3. d4 cxd4 4. Nxd4 Nf6 5. Nc3 Nc6 6. Ndb5 Bb4 7. a3 Bxc3+ 8.
Nxc3 d5 9. exd5 Nxd5 10. Nxd5 exd5 11. Bd3 O-O 12. O-O Qf6 13. Qh5 h6 14. Qxd5
Re8 15. Qb3 b6 16. Bd2 Bb7 17. Bc3 Nd4 18. Bxd4 Qxd4 19. Qb4 Qf6 20. Rfe1 Rad8
21. Qb5 Bc6 22. Qf5 Qxf5 23. Bxf5 g6 24. Rxe8+ Rxe8 25. Bd3 Kg7 26. f3 f5 27.
Kf2 Kf6 28. Re1 Rxe1 29. Kxe1 Ke5 30. Kd2 b5 31. c3 a6 32. b4 Bd7 33. a4 Bc6 34.
axb5 axb5 35. c4 bxc4 36. Bxc4 Kd4 37. b5 Bb7 38. Bf7 g5 39. Be8 Kc5 40. Ke3 Bd5
41. g3 Bb7 42. Bd7 g4 43. fxg4 fxg4 44. Kf4 h5 45. Kg5 Bf3 46. Kxh5 Be2 47. Kg5
Kd6 48. Bxg4 Bxb5 49. Kf6 Kd5 50. h4 Bd3 51. h5 Bh7 52. Bf5 Bg8 53. g4 1-0

[Event "2nd Yerevan Open 2017"]
[Site "Yerevan ARM"]
[Date "2017.09.21"]
[Round "3.45"]
[White "Gharagyozyan, Artur"]
[Black "Tavakalyan, Azat"]
[Result "1/2-1/2"]
[WhiteElo "2170"]
[BlackElo "1867"]
[WhiteFideId "13303279"]
[BlackFideId "13302523"]
[EventDate "2017.09.19"]

1. e4 c5 2. Nf3 e6 3. d4 cxd4 4. Nxd4 Nf6 5. Nc3 d6 6. Be2 a6 7. f4 Qc7 8. O-O
Be7 9. Be3 b5 10. e5 dxe5 11. fxe5 Nfd7 12. Bh5 O-O 13. Qf3 g6 14. Bh6 Nxe5 15.
Qg3 Bc5 16. Rad1 Rd8 17. Ne2 Nbc6 18. c3 Bd6 19. Bf4 Nxd4 20. Rxd4 Nc4 21. Bxd6
Rxd6 22. Rfd1 Rxd4 23. Qxc7 Rxd1+ 24. Kf2 gxh5 25. Nd4 e5 26. Qd8+ Kg7 27. Qg5+
Kf8 28. Nc6 Rd2+ 29. Ke1 Bg4 30. h3 Re2+ 31. Kf1 Ne3+ 32. Kg1 Rxg2+ 33. Kh1 Bf3
34. Qxe3 Rg3+ 35. Kh2 Rg2+ 36. Kh1 Rg3+ 37. Kh2 Rg2+ 38. Kh1 Rg3+ 39. Kh2 Rg2+
40. Kh1 Rg3+ 41. Kh2 Rg2+ 42. Kh1 e4 43. Qc5+ Kg7 44. Qe5+ f6 45. Qc7+ Kh8 46.
Ne7 Rg3+ 47. Kh2 Rg2+ 48. Kh1 Rg7+ 49. Kh2 Rg2+ 50. Kh1 1/2-1/2

[Event "2nd Yerevan Open 2017"]
[Site "Yerevan ARM"]
[Date "2017.09.21"]
[Round "3.49"]
[White "Manukyan, Sevak N."]
[Black "Davtyan, David Arm."]
[Result "0-1"]
[WhiteElo "1799"]
[BlackElo "2096"]
[WhiteFideId "13310577"]
[BlackFideId "13310046"]
[EventDate "2017.09.19"]

1. d4 Nf6 2. c4 e6 3. Nc3 Bb4 4. e3 O-O 5. Ne2 c6 6. a3 Ba5 7. Ng3 d5 8. Bd3
Nbd7 9. O-O e5 10. cxd5 cxd5 11. dxe5 Nxe5 12. Be2 Bg4 13. Bxg4 Nexg4 14. b4 Bc7
15. Bb2 Qd7 16. Qf3 Ne5 17. Qf5 Nc4 18. Qxd7 Nxd7 19. Ra2 Be5 20. Na4 Bxb2 21.
Nxb2 b5 22. Nf5 Ndb6 23. Rd1 Rfd8 24. g3 a5 25. Nxc4 dxc4 26. Rxd8+ Rxd8 27.
bxa5 Na4 28. Nd4 Ra8 29. Nxb5 Rxa5 30. Nd4 Ra8 31. Rc2 c3 32. Kf1 Kf8 33. Ke2
Rc8 34. f3 Ke7 35. Kd3 Nb2+ 36. Ke4 g6 37. Nb5 Ke6 38. Kd4 Rc4# 0-1

[Event "2nd Yerevan Open 2017"]
[Site "Yerevan ARM"]
[Date "2017.09.22"]
[Round "4.10"]
[White "Sandipan, Chanda"]
[Black "Torosyan, Norayr"]
[Result "1-0"]
[WhiteTitle "GM"]
[WhiteElo "2570"]
[BlackElo "2404"]
[WhiteFideId "5004225"]
[BlackFideId "13300431"]
[EventDate "2017.09.19"]

1. d4 Nf6 2. c4 e6 3. Nc3 Bb4 4. e3 O-O 5. Bd2 d5 6. Nf3 b6 7. cxd5 exd5 8. Rc1
Bb7 9. Bd3 Re8 10. O-O Bf8 11. Ne5 c5 12. f4 Nc6 13. Be1 cxd4 14. Nb5 Nxe5 15.
fxe5 Rxe5 16. exd4 Re4 17. Bxe4 dxe4 18. Bh4 Qd7 19. Rc7 Qxb5 20. Rxf6 Bd5 21.
Qh5 g6 22. Qg5 Bg7 23. Rfxf7 Bxd4+ 24. Kh1 a6 25. Qe7 1-0

[Event "2nd Yerevan Open 2017"]
[Site "Yerevan ARM"]
[Date "2017.09.22"]
[Round "4.14"]
[White "Yegiazarian, Arsen"]
[Black "Harutyunian, Tigran K."]
[Result "1/2-1/2"]
[WhiteTitle "GM"]
[BlackTitle "IM"]
[WhiteElo "2421"]
[BlackElo "2520"]
[WhiteFideId "13300520"]
[BlackFideId "13303635"]
[EventDate "2017.09.19"]

1. d4 Nf6 2. c4 e6 3. Nf3 d5 4. Nc3 c5 5. cxd5 Nxd5 6. e3 cxd4 7. exd4 Nxc3 8.
bxc3 Qc7 9. Bd2 Nd7 10. Bd3 b6 11. O-O Bb7 12. Ng5 Bd6 13. Qh5 Nf6 14. Bb5+ Kf8
15. Qh4 h6 16. Nf3 Bxf3 17. gxf3 Ke7 18. Rfe1 g5 19. Qh3 Rag8 20. Kh1 Bf4 21.
Bxf4 Qxf4 22. Qg3 Nh5 23. Qh3 Nf6 24. Qg3 Qd6 25. Qxd6+ Kxd6 26. c4 Rc8 27. f4
gxf4 28. Kg2 Rhg8+ 29. Kf3 Rg5 30. a4 a5 31. Rab1 Rcg8 32. Ba6 Kc6 33. Rb5 Ra8
34. d5+ exd5 35. cxd5+ Rxd5 36. Rc1+ Kd6 37. Rxb6+ Ke5 38. Bb7 Rd3+ 39. Ke2 Rad8
40. Rb5+ Kd4 41. Rf5 f3+ 42. Bxf3 Ne4 43. Bxe4 Kxe4 44. Rxa5 Rd2+ 45. Kf1 f5 46.
Rc4+ R2d4 47. Rac5 f4 48. a5 Rd6 49. Rxd4+ Rxd4 50. Kg2 Ra4 51. h4 Ra1 52. Rb5
Ra3 53. f3+ Kd4 54. h5 Ra2+ 55. Kh3 Ke3 56. Rb3+ Kf2 57. Kg4 Rxa5 58. Kxf4 Kg2
59. Rb6 Rxh5 60. Ke4 Ra5 61. f4 h5 62. f5 h4 63. Rg6+ Kh2 64. f6 Ra4+ 65. Kf5
Ra8 66. f7 Rf8 67. Rg7 h3 68. Kf4 Kh1 69. Kg3 h2 70. Kf2 1/2-1/2

[Event "2nd Yerevan Open 2017"]
[Site "Yerevan ARM"]
[Date "2017.09.22"]
[Round "4.42"]
[White "Marzoughi, Mohammadsadegh"]
[Black "Sargissyan, Sargis"]
[Result "1/2-1/2"]
[BlackTitle "FM"]
[WhiteElo "1954"]
[BlackElo "2295"]
[WhiteFideId "12502430"]
[BlackFideId "13303210"]
[EventDate "2017.09.19"]

1. d4 d6 2. Bf4 g6 3. Nf3 Bg7 4. e3 Nc6 5. Be2 e5 6. dxe5 dxe5 7. Qxd8+ Kxd8 8.
Bg5+ f6 9. Bh4 Nge7 10. Nc3 Nf5 11. O-O-O+ Bd7 12. Ne4 g5 13. Nfxg5 fxg5 14.
Bxg5+ Kc8 15. Rxd7 Kxd7 16. Bg4 Raf8 17. Ng3 Ne7 18. e4 h5 19. Bxf5+ Nxf5 20.
Nxf5 Bf6 21. Bxf6 Rxf6 22. h4 Rg8 23. g3 Ra6 24. a3 Rg4 25. f3 Rg8 26. Rg1 Rag6
27. Kd2 Rb6 28. b3 Rbg6 29. Ke3 Rc6 30. Kd2 Rcg6 31. Ke3 Rc6 32. Kd2 Rcg6 33.
Kc3 Rc6+ 34. Kb2 Rcg6 35. Kc1 Ke6 36. Kd2 Kd7 37. Ke2 Rc6 38. Ne3 Rh6 39. Kf2
Ke6 40. Rd1 Rf6 41. Rd5 Rgf8 42. Nc4 Rxf3+ 43. Kg2 Rf2+ 44. Kh3 Kf6 45. Rxe5 Kg6
46. Rg5+ Kh6 47. Ne3 R8f3 48. Nf5+ Rxf5 49. Rxf5 Rxc2 50. Rf7 Rc3 51. e5 Kg6 52.
e6 Rxb3 53. Rxc7 Rxa3 54. Rxb7 Re3 55. e7 Kf6 56. Rxa7 Rxe7 57. Ra5 Re5 58. Ra8
Kg6 59. Kg2 Re3 60. Rg8+ Kf6 61. Kf2 Ra3 62. Re8 Kg6 63. Re6+ Kf5 64. Rh6 Ra2+
65. Kf3 Ra3+ 66. Kg2 Ra5 67. Rxh5+ Kg4 68. Rh8 Ra2+ 69. Kh1 Kxg3 70. h5 Kh4 71.
h6 Kh5 72. h7 Ra1+ 73. Kg2 Ra7 1/2-1/2

[Event "2nd Yerevan Open 2017"]
[Site "Yerevan ARM"]
[Date "2017.09.22"]
[Round "4.72"]
[White "Gevorgyan, Anahit"]
[Black "Avagyan, Gor V."]
[Result "1-0"]
[WhiteElo "1723"]
[BlackElo "1477"]
[WhiteFideId "13305646"]
[BlackFideId "13311573"]
[EventDate "2017.09.19"]

1. e4 b6 2. d4 Bb7 3. Nc3 e6 4. Bd3 Bb4 5. Ne2 Nf6 6. O-O O-O 7. a3 Be7 8. Ng3
c5 9. d5 h6 10. Bc4 exd5 11. Nxd5 Nxd5 12. Bxd5 Bxd5 13. Qxd5 Na6 14. Rd1 Bf6
15. c3 Re8 16. f4 Nc7 17. Qxd7 Qxd7 18. Rxd7 Ne6 19. e5 Nf8 20. Rd5 Bd8 21. Bd2
Bc7 22. Rd1 Rad8 23. c4 Nh7 24. Nf5 f6 25. Bc3 fxe5 26. Rd7 Nf6 27. Rxg7+ Kf8
28. Rxd8 Bxd8 29. Bxe5 Ne4 30. Nxh6 Nf6 31. Rf7# 1-0

[Event "2nd Yerevan Open 2017"]
[Site "Yerevan ARM"]
[Date "2017.09.23"]
[Round "5.3"]
[White "Sandipan, Chanda"]
[Black "Petrosian, Tigran L."]
[Result "0-1"]
[WhiteTitle "GM"]
[BlackTitle "GM"]
[WhiteElo "2570"]
[BlackElo "2615"]
[WhiteFideId "5004225"]
[BlackFideId "13301616"]
[EventDate "2017.09.19"]

1. d4 d6 2. c4 e5 3. e3 exd4 4. exd4 g6 5. Nc3 Bg7 6. h3 Ne7 7. Nf3 O-O 8. Bf4
Nf5 9. d5 Nh4 10. Nxh4 Re8+ 11. Be2 Qxh4 12. g3 Qe7 13. Qd2 Na6 14. O-O-O Nc5
15. Be3 Bxc3 16. Qxc3 Ne4 17. Qb3 Nxg3 18. Rhe1 Nxe2+ 19. Rxe2 Bxh3 20. Ree1 Bf5
21. Qc3 Qe5 22. Bd4 Qf4+ 23. Be3 Qh2 24. Rh1 Qe5 25. Bd4 Qf4+ 26. Be3 Qe5 27.
Bd4 Qf4+ 28. Be3 Qf3 29. Rh6 Rxe3 30. Qxe3 Qxe3+ 31. fxe3 Kg7 32. Rdh1 g5 33.
Kd2 Re8 34. Ke2 Be4 35. R1h2 Bg6 36. b3 a5 37. Kf3 f5 38. Kf2 Re7 39. Rh1 Kf6
40. a3 g4 41. b4 axb4 42. axb4 Kg5 43. c5 dxc5 44. bxc5 Rd7 45. c6 bxc6 46. dxc6
Rd2+ 47. Kg3 Re2 48. Rxh7 Bxh7 49. Rxh7 Rxe3+ 50. Kf2 Kf4 51. Rxc7 g3+ 0-1